000 00397nam a2200145 4500
999 _c513256
_d513256
008 200205b ||||| |||| 00| 0 eng d
100 _aJain, Akanksha
_915824
245 _aEducating masses on health and nutrition
260 _bKurukshetra
300 _a68(3), Jan, 2020: p.35-39.
650 _aNutrition
_915825
773 _aKurukshetra
906 _aHealth education
942 _2ddc
_cAR